| 000 | 00388nam a2200145Ia 4500 | ||
|---|---|---|---|
| 008 | 230917s9999||||xx |||||||||||||| ||und|| | ||
| 040 |
_e112344 _aMAIN |
||
| 041 | _aEnglish | ||
| 082 | _a332.6 D254D | ||
| 100 | _aDarshana | ||
| 245 | 0 | _aDematerialisation: analytical role of national securites depasitary limited | |
| 260 |
_aRohtak _bM.D.U _c2004 |
||
| 300 | _a295p. p. | ||
| 942 | _cBK | ||
| 999 |
_c124738 _d124738 |
||